In search of cosmic order : selected essays on Egyptian archaeoastronomy /

Bibliographic Details
Corporate Author: Majlis al-Aʻlá lil-Āthār (Egypt)
Other Authors: Belmonte, Juan Antonio, Shaltout, M. A. Mosalam
Format: Book
Language:English
Published: [Cairo] : Supreme Council of Antiquities Press, 2009.
Edition:1st ed.
Subjects:

MARC

Tag First Indicator Second Indicator Subfields
LEADER 00000cam a2200000Ia 4500
001 in00002712421
005 20151202141813.0
008 090912s2009 ua a b 000 0 eng d
020 |a 9789774794834 
020 |a 9774794834 
035 |a (OCoLC)ocn436623279 
035 |a (OCoLC)436623279 
040 |a BTCTA  |c BTCTA  |d DEBBG  |d YDXCP  |d BWX  |d TXA  |d UtOrBLW 
043 |a f-ua--- 
049 |a TXAM 
084 |a 6,21  |2 ssgn 
090 |a GN799.A8  |b I5 2009 
245 0 0 |a In search of cosmic order :  |b selected essays on Egyptian archaeoastronomy /  |c edited by Juan Antonio Belmonte and Mosalam Shaltout ; foreword by Zahi Hawass. 
250 |a 1st ed. 
264 1 |a [Cairo] :  |b Supreme Council of Antiquities Press,  |c 2009. 
300 |a 360 pages :  |b color illustrations ;  |c 30 cm. 
336 |a text  |b txt  |2 rdacontent 
337 |a unmediated  |b n  |2 rdamedia 
338 |a volume  |b nc  |2 rdacarrier 
504 |a Includes bibliographical references. 
650 0 |a Archaeoastronomy  |z Egypt. 
650 0 |a Cosmology, Egyptian. 
650 0 7 |a Archäoastronomie.  |2 swd 
651 7 |a Ägypten (Altertum)  |2 swd 
655 7 |a Aufsatzsammlung.  |2 swd 
700 1 |a Belmonte, Juan Antonio. 
700 1 |a Shaltout, M. A. Mosalam. 
710 2 |a Majlis al-Aʻlá lil-Āthār (Egypt) 
945 |a PromptCat  |b 546522 
946 |a stk 
947 |a A14840445255 
994 |a C0  |b TXA 
948 |a cataloged  |b h  |c 2011/8/23  |d c  |e nbehmer  |f 1:11:42 pm 
999 |a MARS 
999 f f |s 64cfbf1a-1524-38de-8791-215aa32dbf10  |i 1753f0f6-aa8d-3096-a9af-1a4444d41fa7  |t 0 
952 f f |p normal  |a Texas A&M University  |b College Station  |c Sterling C. Evans Library  |d Evans: Library Stacks  |t 0  |e GN799.A8 I5 2009  |h Library of Congress classification  |i unmediated -- volume  |m A14840445255 
998 f f |a GN799.A8 I5 2009  |t 0  |l Evans: Library Stacks